00962nam a22002657a 45000010005000000030006000050050017000110080041000280200018000690400029000870500014001160820011001301000018001412450068001592500041002272600033002683000045003015050007003465200210003535210018005635210018005816500024005996500039006237000034006627890FISKH20250813095809.0250813b cb ||||| |||| 00| 0 eng d a9781435831148 aFISKHbengcFISKHdFISKH aGB562.M57 a551.44 aS.Mis, Melody aGeography zone : Landforms :bExploring canyons /cMelody S.Mis aThis edition first published in 2009 aNew York :bPowerKids,c2009 a24 pages :bcolor illustrations ;c21 cm aJ  aDescribes the geographical characteristics of canyons, explains how they are formed, identifies typical plants and animals found in canyons, and examines what it would be like to live in the Grand Canyon. 8 a450 bLexile 8 aJ bRaz-Plus  2Children'saWeather 2Animal in CanyonaPeople in Canyon aGerweek, Jessicadillustrator